| 000 | 00576cam a2200217 a 4500 | ||
|---|---|---|---|
| 001 | 4299432 | ||
| 005 | 20180205074540.0 | ||
| 008 | 870824s1986 nyua b 001 0 eng | ||
| 010 | _a 86081063 | ||
| 020 | _a0070106452 | ||
| 040 |
_aDLC _cDLC _dDLC |
||
| 041 | _aeng | ||
| 080 | _a005 | ||
| 082 | 0 | 0 |
_a005.1 CHA _219 |
| 100 | 1 | _a30 | |
| 101 | _aSHKI | ||
| 245 | 1 | 0 |
_aSoftware engineering environments : _cRobert N. Charette. |
| 504 | _aBibliography: p. 381-399. | ||
| 906 |
_a7 _bcbc _corignew _d3 _eopcn _f19 _gy-gencatlg |
||
| 942 |
_2ddc _cBK |
||
| 999 |
_c41783 _d41783 |
||